Zróżnicowanie środowiska Tatr bez pięter klimatycznych - Statystyki

Ogólne statystyki
  • Ten quiz został rozwiązany 51 razy
  • Średni wynik to 8 z 27
Statystyki odpowiedzi
Hint Odpowiedź % Poprawnych
80% powierzchni Tatr leży w tym kraju Słowacja
70%
20% powierzchni Tatr leży w tym województwie (podaj tylko nazwę) małopolskie
65%
Polska część Tatr leży w dorzeczu tej rzeki Dunajec
57%
grzbiet łączący szczyty grań
57%
Najwyższy polski wodospad Siklawa
52%
budulce Tatr Wysokich granity | łupki krystaliczne
39%
Granica między Tatrami Wschodnimi i Tatrami Zachodnimi przełęcz Liliowe
39%
Rynnowa forma erozyjna, miejsce przez które spada materiał skalny żleb
39%
W polskich Tatrach jest 700 przykładów tej formy krasowej. jaskinia
35%
Forma utworzona przez nagromadzone fragmenty skał, które urwały się i spadły przez ruchy masowe piarg
30%
wyraźnie wyniesiony szczyt turnia
30%
Nazwa najgłębszej i najdłuższej jaskini tatrzańskiej po polskiej stronie Wielka Śnieżna
30%
Wysokość najwyższego wierzchołka Rysów w m n.p.m 2501
26%
Długość jaskinii Wielka Śnieżna z jednostką 24 km
22%
liczba turystów w 2019 w Tatrzańskim Parku Narodowym z jednostką 4 mln
22%
Metal intensywnie wydobywany w Tatrach od drugiej połowy XVIII w. do XIXw. żelazo
22%
Granica wiecznego śniegu w Tatrach - w m n.p.m 2300
17%
przykład wąwozu w Tatrach z podręcznika (tylko nazwa: Wąwóz [....]) Kraków
17%
Kras powierzchniowy jest charakterystyczny dla tej części tych gór. Tatry Zachodnie
17%
Powierzchnia Tatr z jednostką 785 km2
13%
Głębokość jaskinii Wielka Śnieżna z jednostką 800 m
13%
W tej części Karpat leżą Tatry Karpaty Zachodnie
13%
Po tej stronie Tatr zamieszkuje większość przedstawicieli Niedźwiedzia Brunatnego południowa
13%
Wysokość najwyższego polskiego wodospadu z jednostką 65 m
9%
Przykładowe wywierzysko Tatr Zachodnich Lodowe Źródło
4%
budulce Tatr Zachodnich wapienie i dolomity
4%
Naukowiec geologii Tatr Edward Passendorfer
0%
Nie znaleziono quizów pasujących do podanych kryteriów
Rozkład punktacji
Procent ludzi z każdym wynikiem
Percentyl według liczby udzielonych odpowiedzi
Twoja historia wyników
Nie rozwiązałeś tego quizu